| 000 | 00985nac a22003137a 4500 | ||
|---|---|---|---|
| 001 | BR0701897 | ||
| 003 | BR-BrBNA | ||
| 005 | 20240105123410.0 | ||
| 008 | 230509b bl.|||m| |||| 00| 0 por d | ||
| 040 |
_aBR-BrBNA _bpor _cBiblioteca Nacional de Agricultura |
||
| 072 | _aE50; E11 | ||
| 090 | _aE50 BR0701897 | ||
| 100 | 1 | _aCosta, L.F.C. | |
| 100 | 1 | _aSantos, R.(eds.) | |
| 110 | 1 | _aUniversidade Federal Rural do Rio de Janeiro Itaguaí (Brasil)Instituto de Ciências Humanas e Sociais | |
| 245 | 1 | _aMovimentos sociais - MERCOSUL | |
| 260 | 3 |
_aItaguaí, RJ (Brasil): _c1995. |
|
| 300 | _a148 p. | ||
| 490 |
_aEstudos Sociedade e Agricultura (Brazil) _vno. 5 _xISSN 1413-0580 |
||
| 500 | _aSeveral bibliography | ||
| 650 | _aREFORMA AGRÁRIA | ||
| 650 | _aMULHER RURAL | ||
| 650 | _aESTATUTO DA TERRA | ||
| 650 | _aDIREITO AGRÁRIO | ||
| 650 | _aESTRUTURA SOCIAL | ||
| 650 | _aMERCOSUL | ||
| 909 |
_a202312 _bLúcia Elande _c55 _dLúcia Elande |
||
| 942 |
_2AGRIS _n0 _cMS |
||
| 999 |
_c295273 _d295273 |
||